|
|
|
|
| LEADER |
00000nam a2200000 a 4500 |
| 001 |
vtls001472091 |
| 003 |
SK-MaSNL |
| 005 |
20260302084637.0 |
| 008 |
240801s2004 xo gf 0 slo |
| 015 |
|
|
|a SNBK2004/02-00824
|
| 020 |
|
|
|a 8080475830
|
| 035 |
|
|
|a SNK000427393
|
| 040 |
|
|
|a SNK
|b slo
|c SNK
|e AACR2
|
| 041 |
0 |
|
|a slo
|
| 044 |
|
|
|a xo
|c SK
|
| 072 |
|
7 |
|a 821.111(73)-3
|2 konspekt
|
| 080 |
|
|
|a 821.111(73)-31
|2 1981
|
| 080 |
|
|
|a (003.24)
|2 1981
|
| 080 |
|
|
|a 821.111 (73)-3(02.056.262)
|2 1997
|
| 100 |
1 |
|
|a Steinbeck, John,
|d 1902-1968
|4 aut
|9 87760
|
| 245 |
1 |
|
|a Neznámemu Bohu
|h Braillovo písmo
|c John Steinbeck
|n 1.-3. zv
|
| 250 |
|
|
|a [1. vyd.]
|
| 260 |
|
|
|a Levoča
|b SKN [Slovenská knižnica pre nevidiacich Mateja Hrebendu]
|c 2004
|
| 300 |
|
|
|a 4 zv. ([158, 160, 176] s.) v Braillovom písme
|c 27x29 cm
|
| 500 |
|
|
|a 4 výt.
|
| 650 |
0 |
7 |
|a romány spoločenské americké
|x tlače slepecké
|2 SNK
|9 300283
|
| 650 |
0 |
7 |
|a americká próza
|2 SNK
|9 1173
|
| 655 |
|
7 |
|a umelecká literatúra
|2 SNK
|9 60405
|
| 655 |
|
7 |
|a americké romány
|2 SNK
|9 1174
|
| 655 |
|
7 |
|a publikácie pre nevidiacich
|2 SNK
|9 70695
|
| 852 |
|
|
|a Slovenská národná knižnica
|
| 919 |
|
|
|a 80-8047-583-0
|
| 954 |
|
|
|a beletria cudzojazyčná (svetová)
|2 lita
|
| 958 |
|
|
|a KST
|
| 958 |
|
|
|a US
|
| 958 |
|
|
|a UP
|
| 958 |
|
|
|a NS
|
| 958 |
|
|
|a LX
|
| 958 |
|
|
|a SX
|
| 968 |
|
|
|b ENG
|d 821
|
| 999 |
|
|
|c 1188721
|d 1190651
|
| 952 |
|
|
|t P60, <03>, [BOOK], {603}
|a SNK
|b SNK
|y PREZ
|7 0
|p 17A0423135
|o snkOSB 13944/1
|i snkKSP 5625/2004
|0 0
|1 0
|4 0
|d 2004-04-23
|l 0
|r 2005-01-02 00:00:00
|w 2026-02-24
|
| 952 |
|
|
|t P60, <03>, [BOOK], {603}
|a SNK
|b SNK
|y PREZ
|7 0
|p 17A0423136
|o snkOSB 13944/2
|i snkKSP 5626/2004
|0 0
|1 0
|4 0
|d 2004-04-23
|l 0
|r 2005-01-02 00:00:00
|w 2026-02-24
|
| 952 |
|
|
|t P60, <03>, [BOOK], {603}
|a SNK
|b SNK
|y PREZ
|7 0
|p 17A0423137
|o snkOSB 13944/3
|i snkKSP 5627/2004
|0 0
|1 0
|4 0
|d 2004-04-23
|l 0
|r 2005-01-02 00:00:00
|w 2026-02-24
|